[Event "74th Tata Steel GMA"]
[Site "Wijk aan Zee NED"]
[Date "2012.01.21"]
[Round "7"]
[White "Gashimov, Vugar"]
[Black "Caruana, Fabiano"]
[Result "1/2-1/2"]
[WhiteElo "2761"]
[BlackElo "2736"]
[PlyCount "100"]
[EventDate "2012.01.14"]

1. e4 e5 2. Nf3 Nc6 3. Bb5 a6 4. Ba4 Nf6 5. O-O b5 6. Bb3 Bc5 7. a4 Rb8 8. c3
d6 9. d4 Bb6 10. a5 Ba7 11. h3 O-O 12. Re1 h6 13. Be3 Ra8 14. Nbd2 Re8 15. Bc2
Bb7 16. Bb1 $146 ({RR} 16. d5 Ne7 17. Nf1 Ng6 18. N3h2 c6 19. dxc6 Bxc6 20. Ng4
Nf4 21. Qf3 Bxe3 22. Nxf6+ Qxf6 23. Nxe3 Rad8 24. Rad1 Qg6 25. Kh2 f5 26. Bb3+
Kh8 27. Nd5 fxe4 28. Qxe4 Qxe4 29. Rxe4 Rf8 30. f3 Nxd5 {Kosintseva,T (2562)
-Munguntuul,B (2261) Ulaanbaatar 2010 1-0 (58)}) ({RR} 16. d5 Nb8 17. Bxa7 Rxa7
18. b3 c5 19. Nf1 Nbd7 20. Ne3 g6 21. Qd2 Kh7 22. g4 h5 23. Kg2 Rh8 24. Rg1 Kg7
25. Kf1 hxg4 26. hxg4 Kf8 27. b4 c4 28. Kg2 Ke7 29. Rh1 Ra8 30. Nh4 Qf8 {
Arakhamia-Grant,K (2456)-Bok,B (2488) Antwerp BEL 2011 0-1 (94)}) ({RR} 16. d5
Ne7 17. Bxa7 Rxa7 18. b4 Ng6 19. c4 bxc4 20. Nxc4 Nf4 21. Ba4 Rf8 22. b5 axb5
23. Bxb5 Bc8 24. a6 Bd7 25. Na3 Nh7 26. Bf1 f5 27. exf5 Bxf5 28. Nb5 Ra8 29.
Ra4 Bd7 30. Ra3 Kh8 {Luther,T (2526)-Kazhgaleyev,M (2594) Cappelle la Grande
2008 0-1 (52)}) 16... Nb8 17. c4 exd4 18. Bxd4 bxc4 19. Bxa7 Rxa7 20. Ra3 Nbd7
21. Nd4 Ne5 22. Rg3 g6 23. f4 Nd3 24. Bxd3 cxd3 25. f5 g5 26. h4 g4 27. Rxd3
Ra8 28. Rde3 h5 29. Qc1 Kh7 30. Ne2 Re5 31. Ng3 d5 32. Nb3 dxe4 33. Nc5 Bc6 34.
b4 Qd6 35. Qa1 Bd5 36. Nd3 exd3 37. Qxe5 Qxe5 38. Rxe5 c6 39. Rd1 Rb8 40. Rxd3
Rxb4 41. Ra3 Kg7 42. Re2 Bc4 43. Rd2 Bd5 44. Ra1 Ne4 45. Nxe4 Bxe4 46. Rf1 Kf6
47. Rd6+ Ke5 48. Rd8 Kf6 49. Rd6+ Ke5 50. Rd8 Kf6 1/2-1/2

[Event "74th Tata Steel GMA"]
[Site "Wijk aan Zee NED"]
[Date "2012.01.21"]
[Round "7"]
[White "Van Wely, Loek"]
[Black "Giri, Anish"]
[Result "1/2-1/2"]
[WhiteElo "2692"]
[BlackElo "2714"]
[PlyCount "132"]
[EventDate "2012.01.14"]

1. d4 Nf6 2. Bg5 c5 3. Bxf6 gxf6 4. d5 Qb6 5. Qc1 f5 6. g3 Bg7 7. c3 Qf6 ({RR} 
7... h5 8. h4 Qh6 9. e3 d6 10. Qc2 Na6 11. Qa4+ Bd7 12. Qb3 Nc7 13. Qxb7 Rc8
14. Nh3 O-O 15. Nf4 e5 16. dxe6 fxe6 17. Be2 e5 18. Nxh5 Kh8 19. c4 d5 20. cxd5
Qd6 21. Qb3 Rb8 22. Qc2 {Akopian,V (2660)-Atalik,S (2595) New York 1998 1-0 
(41)}) ({RR} 7... Na6 8. Bg2 Nc7 9. Nd2 Qa6 10. Nh3 Bh6 11. Qc2 d6 12. Nf4 Bxf4
13. gxf4 Rg8 14. Bf3 b5 15. Nf1 Rb8 16. Ng3 e6 17. O-O Bb7 18. Rfd1 Bxd5 19.
Bxd5 Nxd5 20. Rxd5 exd5 21. Qxf5 Qa4 22. Kf1 {Popov,I (2613)-Milliet,S (2369)
Aix-les-Bains FRA 2011 1-0 (33)}) 8. e3 $146 ({RR} 8. Bg2 d6 9. Nh3 h5 10. Qg5
Nd7 11. Nd2 h4 12. Qxf6 Bxf6 13. f4 Nb6 14. O-O-O Rg8 15. Bf3 Bd7 16. Ng5 hxg3
17. h4 g2 18. Bxg2 Na4 19. Bf3 b5 20. Rdg1 O-O-O 21. Nxf7 Rxg1+ 22. Rxg1 Rf8 {
Kamenets,A (2246)-Kouvatsou,M (2185) Aghios Kirykos 2010 1-0 (65)}) ({RR} 8.
Bg2 d6 9. Nd2 Nd7 10. a4 b6 11. Nh3 h5 12. Qc2 h4 13. f4 hxg3 14. hxg3 Bb7 15.
Nf1 Qg6 16. O-O-O O-O-O 17. e4 fxe4 18. Bxe4 Qf6 19. Ne3 e6 20. dxe6 Qxe6 21.
Bxb7+ Kxb7 22. Nf5 Qa2 {Ionescu,D (2450)-Goriachnik,D (2223) Trier 2002 1-0 
(38)}) ({RR} 8. a4 b6 9. Na3 O-O 10. Bg2 Bb7 11. Nh3 d6 12. Nf4 Bh6 13. O-O Nd7
14. Qc2 Kh8 15. Rad1 Bxf4 16. gxf4 Rg8 17. Rd3 Qh4 18. Qd2 Bxd5 19. Rg3 Bxg2
20. Kxg2 Nf6 {0-1 (20) Assmann,T-Scheipl,R Krumbach 1985}) 8... Na6 9. Ne2 Nc7
10. Nf4 Bh6 11. c4 d6 12. Nc3 Bd7 13. Be2 a6 14. a4 b6 15. Nh5 Qg6 16. Bf3 Rb8
17. Ne2 Rf8 18. Qd2 a5 19. O-O Kd8 20. Rfe1 Ne8 21. Nef4 Qg8 22. e4 Qh8 23. Qe2
Rb7 24. e5 Qxe5 25. Qxe5 dxe5 26. Rxe5 Nd6 27. b3 Rg8 28. Rae1 Bf8 29. R5e3 Rb8
30. h4 Kc7 31. Bd1 Re8 32. Bc2 Kd8 33. R3e2 Rg4 34. Kh2 Rg8 35. f3 Kc7 36. Nd3
Rg6 37. Ne5 Rh6 38. Nxd7 Kxd7 39. g4 e6 40. Re5 Be7 41. Kh3 Bd8 42. R1e2 Rf8
43. Bd3 fxg4+ 44. fxg4 exd5 45. Rxd5 Kc7 46. Bf5 Rg8 47. Re3 Rf8 48. Ree5 Rg8
49. Bc2 Rf8 50. Bd1 Re8 51. Rxe8 Nxe8 52. g5 Rd6 53. Rxd6 Kxd6 54. Bc2 f6 55.
g6 hxg6 56. Bxg6 Nc7 57. Bf5 Ne6 58. Bxe6 Kxe6 59. Ng7+ Ke5 60. Kg4 f5+ 61.
Nxf5 Bxh4 62. Nxh4 Kd4 63. Kf3 Kc3 64. Ke3 Kxb3 65. Kd3 Kxa4 66. Kc3 b5 1/2-1/2

[Event "74th Tata Steel GMA"]
[Site "Wijk aan Zee NED"]
[Date "2012.01.21"]
[Round "7"]
[White "Carlsen, Magnus"]
[Black "Gelfand, Boris"]
[Result "1-0"]
[WhiteElo "2835"]
[BlackElo "2739"]
[PlyCount "103"]
[EventDate "2012.01.14"]

1. d4 d5 2. c4 c6 3. Nf3 Nf6 4. e3 Bf5 5. Nc3 e6 6. Nh4 Bg6 7. Nxg6 hxg6 8. Bd3
Nbd7 9. O-O Bd6 10. h3 dxc4 11. Bxc4 O-O $146 ({RR} 11... Nb6 12. Bb3 e5 13.
Qc2 Qe7 14. Bd2 O-O-O 15. d5 e4 16. dxc6 Qe5 17. f4 exf3 18. Rxf3 Ng4 19. cxb7+
Kb8 20. hxg4 Rh1+ 21. Kf2 Rxa1 22. Ne2 Bc5 23. Bc3 Qe7 24. g5 Rdd1 25. Ng3 Bd6
26. Qe2 {Carlsen,M (2826)-Gelfand,B (2744) Moscow RUS 2011 1-0 (38)}) 12. Qc2
Qe7 13. Rd1 Rac8 14. Bd2 Nb6 15. Bf1 e5 16. dxe5 Bxe5 17. Rac1 Rcd8 18. Be1
Rxd1 19. Rxd1 Rd8 20. Rxd8+ Qxd8 21. g3 Qe7 22. Bg2 Bd6 23. Bd2 Qe6 24. b3 Nbd5
25. Ne2 Nb4 26. Qb1 Qf5 27. e4 Qc5 28. Nf4 g5 29. Ne2 g4 30. h4 Nd7 31. Be3 Qc2
32. Qxc2 Nxc2 33. Bxa7 Ba3 34. Nc3 Bb2 35. Nd1 Bc1 36. Bf1 Nb4 37. a4 Nf6 38.
e5 Nd7 39. Bd4 Nc2 40. Bc3 Nc5 41. Be2 Ne4 42. Bxg4 Nxc3 43. Nxc3 Bb2 44. e6
fxe6 45. Bxe6+ Kf8 46. Ne4 Nd4 47. Ng5 Ke7 48. Bg8 Kf8 49. Bc4 Ke7 50. Kg2 b5
51. Bg8 Kf8 52. a5 1-0

[Event "74th Tata Steel GMA"]
[Site "Wijk aan Zee NED"]
[Date "2012.01.21"]
[Round "7"]
[White "Nakamura, Hikaru"]
[Black "Radjabov, Teimour"]
[Result "1/2-1/2"]
[WhiteElo "2759"]
[BlackElo "2773"]
[PlyCount "56"]
[EventDate "2012.01.14"]

1. e4 c5 2. Nf3 Nc6 3. d4 cxd4 4. Nxd4 Nf6 5. Nc3 e5 6. Ndb5 d6 7. Bg5 a6 8.
Na3 b5 9. Bxf6 gxf6 10. Nd5 Bg7 11. Bd3 Ne7 12. Nxe7 Qxe7 13. O-O O-O 14. c4 f5
15. Qf3 Qb7 16. Qe2 b4 ({RR} 16... d5 17. cxd5 fxe4 18. Bxe4 f5 19. Bc2 Qb6 20.
Rac1 Qd6 21. Bb3 Bd7 22. Qe3 e4 23. Qc5 Qxc5 24. Rxc5 Rfc8 25. Rxc8+ Rxc8 26.
Nc2 a5 27. d6+ Kf8 28. Ne3 a4 29. Bd5 Bxb2 30. g4 fxg4 31. Bxe4 {Kurnosov,I 
(2648)-Maletin,P (2568) Apatity RUS 2011 1/2-1/2 (39)}) 17. Nc2 f4 18. b3 Be6
$146 ({RR} 18... Bf6 19. Qd2 Rb8 20. a3 bxa3 21. Rxa3 Kh8 22. Rfa1 Rg8 23. b4
Bd8 24. c5 dxc5 25. bxc5 Qe7 26. Qc3 a5 27. Bf1 Bc7 28. c6 Be6 29. Rxa5 Rb3 30.
Qc5 Bd6 31. Qa7 Qxa7 32. Rxa7 Rc3 33. Na3 {Fercec,N (2501)-Saric,I (2463)
Vogosca 2007 0-1 (54)}) ({RR} 18... Re8 19. Rfd1 Re6 20. c5 Rg6 21. Bc4 f3 22.
Qxf3 Bg4 23. Qd3 Bxd1 24. Rxd1 Qa7 25. cxd6 Rd8 26. Nxb4 Rgxd6 27. Nd5 Kh8 28.
Qe2 a5 29. a4 Qc5 30. Qh5 f5 31. exf5 Rxd5 32. Bxd5 Rxd5 33. Rxd5 {Cukerman,S 
(2161)-Muniz,R (2233) Montevideo 2004 1/2-1/2 (43)}) 19. Qd2 Rfb8 20. a3 bxa3
21. Rxa3 Bf6 22. Kh1 Kh8 23. Rfa1 a5 24. Be2 Be7 25. Bf3 Bd7 26. Bh5 Be6 27.
Bf3 Bd7 28. Bh5 Be6 1/2-1/2

[Event "74th Tata Steel GMA"]
[Site "Wijk aan Zee NED"]
[Date "2012.01.21"]
[Round "7"]
[White "Kamsky, Gata"]
[Black "Navara, David"]
[Result "1-0"]
[WhiteElo "2732"]
[BlackElo "2712"]
[PlyCount "93"]
[EventDate "2012.01.14"]

1. e4 e5 2. Nf3 Nc6 3. Bb5 Nf6 4. O-O Nxe4 5. d4 Nd6 6. Bxc6 dxc6 7. dxe5 Nf5
8. Qxd8+ Kxd8 9. h3 Ke8 10. Nc3 h5 11. Bf4 ({RR} 11. Bg5 Be6 12. Rfd1 Be7 13.
g3 f6 14. exf6 gxf6 15. Bf4 Rc8 16. Kh2 Kf7 17. Rd2 Rcd8 18. Rxd8 Bxd8 19. Rd1
Re8 20. Nd4 Nxd4 21. Rxd4 Bf5 22. Rd2 Be7 23. Nd1 Rd8 24. Rxd8 Bxd8 25. Ne3 Be4
{Anand,V (2804)-Kramnik,V (2791) London ENG 2010 1/2-1/2 (39)}) ({RR} 11. Rd1
Be7 12. Ne2 Bd7 13. Bg5 Rd8 14. Nf4 Bc8 15. Rxd8+ Kxd8 16. Rd1+ Ke8 17. g3 Rh7
18. Bxe7 Nxe7 19. Ng5 Rh6 20. h4 c5 21. c3 a5 22. Rd2 Be6 23. Ngxe6 fxe6 24.
Kg2 Nc6 25. Re2 Nd8 {Ivanchuk,V (2775)-Nakamura,H (2758) Reggio Emilia ITA
2012 1-0 (67)}) 11... Be6 12. Rfd1 $146 ({RR} 12. Ng5 Rd8 13. Nce4 Nd4 14. Nxe6
fxe6 15. Bg5 Rd5 16. Nc3 Rxe5 17. f4 Ne2+ 18. Kh2 Rxg5 19. fxg5 Bd6+ 20. g3
Nxg3 21. Rf3 Ne4+ 22. Kg2 Nxg5 23. Re3 Rh6 24. Ne4 Bf4 25. Re2 Nxe4 26. Rxe4 e5
{Konnyu,J (2382)-Gyimesi,Z (2595) Zalaegerszeg HUN 2011 0-1 (35)}) ({RR} 12.
Ne4 Be7 13. Rad1 Rd8 14. Nfg5 Rxd1 15. Rxd1 Rh6 16. g3 Bd5 17. Nc3 Rg6 18. Nge4
Be6 19. Kh2 b6 20. b3 Bd8 21. Bc1 Be7 22. Rd3 f6 23. exf6 gxf6 24. Ne2 Bd5 25.
Nf4 Bxe4 26. Nxg6 Bxd3 {Negi,P (2618)-Kayumov,D (2463) Dubai UAE 2011 1-0 (66)}
) ({RR} 12. Ng5 Rd8 13. Nxe6 fxe6 14. Ne2 Be7 15. Rad1 Kf7 16. g4 hxg4 17. hxg4
Nh4 18. Bg3 a5 19. Nc3 Nf3+ 20. Kg2 Nd2 21. Rh1 Rxh1 22. Kxh1 Nf3 23. Rxd8 Bxd8
24. Ne4 Ne1 25. c4 Nd3 26. b3 Nc1 {Van Kampen,R (2456)-Mastrovasilis,D (2584)
Aix-les-Bains FRA 2011 0-1 (40)}) 12... Be7 13. Ng5 Rh6 14. Nxe6 Rxe6 15. Kf1
Rd8 16. Rxd8+ Bxd8 17. Ne4 Be7 18. Re1 c5 19. c4 Nd4 20. Nc3 Ra6 21. Rd1 c6 22.
Be3 b5 23. a3 b4 24. axb4 cxb4 25. Bxd4 bxc3 26. Bxc3 Ra4 27. Ke2 Rxc4 28. Ra1
Bc5 29. g3 Bb6 30. Kd3 Rc5 31. f4 Rb5 32. b4 g6 33. g4 hxg4 34. hxg4 Kd7 35. f5
gxf5 36. gxf5 c5 37. Kc4 Kc6 38. Rd1 Bc7 39. Rd5 a6 40. Rxc5+ Rxc5+ 41. bxc5 a5
42. f6 Kd7 43. Kd5 a4 44. c6+ Kd8 45. Bb4 Bb8 46. e6 Ke8 47. Bd6 1-0

[Event "74th Tata Steel GMA"]
[Site "Wijk aan Zee NED"]
[Date "2012.01.22"]
[Round "8"]
[White "Caruana, Fabiano"]
[Black "Ivanchuk, Vassily"]
[Result "1/2-1/2"]
[WhiteElo "2736"]
[BlackElo "2766"]
[PlyCount "42"]
[EventDate "2012.01.14"]

1. e4 e6 2. d4 d5 3. Nc3 Nf6 4. Bg5 dxe4 5. Nxe4 Nbd7 6. Nf3 h6 7. Nxf6+ Nxf6
8. Bh4 c5 9. Bc4 cxd4 10. O-O Be7 11. Qe2 ({RR} 11. Nxd4 O-O 12. Bb3 Ne4 13.
Bxe7 Qxe7 14. Qe2 Nc5 15. Bc4 Qf6 16. Rad1 b6 17. Qf3 Qxf3 18. Nxf3 {1/2-1/2 
(18) Leko,P (2722)-Bareev,E (2714) Monte Carlo 2004}) 11... Nd7 $146 ({RR} 
11... O-O 12. Rad1 Qb6 13. Nxd4 Qxb2 14. Nf5 exf5 15. Qxe7 Be6 {1/2-1/2 (15)
Fontaine,R (2527)-Dolmatov,S (2606) Istanbul 2003}) ({RR} 11... O-O 12. Rad1
Qa5 13. Nxd4 Bd7 14. c3 Rad8 15. Rfe1 Rfe8 16. Bb3 a6 17. Qf3 Bc8 18. Re3 Qh5
19. Qxh5 Nxh5 20. Bxe7 Rxe7 21. g3 Red7 22. Rde1 Rd6 23. f4 Nf6 24. h3 Nd5 25.
Rf3 Ne7 26. Rff1 {Dann,M (2381)-Archangelsky,M (2197) Basel SUI 2012 1/2-1/2 
(49)}) ({RR} 11... O-O 12. Rad1 Qb6 13. Nxd4 Qxb2 14. Nf5 exf5 15. Qxe7 Be6 16.
Bxe6 fxe6 17. Qxe6+ Kh8 18. Qxf5 Qxa2 19. Rd6 Ng8 20. Qe4 Qf7 21. f3 Qf4 22.
Rd7 Qxe4 23. fxe4 Rxf1+ 24. Kxf1 Re8 25. Rxb7 Rxe4 26. Bf2 {Hou Yifan (2591)
-Zhu Chen (2477) Antakya TUR 2010 1-0 (47)}) ({RR} 11... O-O 12. Rad1 Qa5 13.
Rxd4 b5 14. Bxb5 Qxa2 15. c3 Rd8 16. Rfd1 Bb7 17. Ne5 Rxd4 18. Rxd4 Rd8 19. Nd7
g5 20. Bg3 Nxd7 21. Bxd7 Bf6 22. Rd2 Bc6 23. b4 Qa3 24. h4 Rxd7 25. Rxd7 Bxd7
26. hxg5 {Bojkovic,N (2330)-Kalevic,S (2270) Belgrade 1992 0-1 (40)}) 12. Bxe7
Qxe7 13. Rad1 O-O 14. Rxd4 Nf6 15. Rfd1 b6 16. Ne5 Qc7 17. h3 Bb7 18. Rd7 Qc8
19. Nxf7 Nxd7 20. Nxh6+ Kh7 21. Qh5 Nf6 1/2-1/2

[Event "74th Tata Steel GMA"]
[Site "Wijk aan Zee NED"]
[Date "2012.01.22"]
[Round "8"]
[White "Radjabov, Teimour"]
[Black "Carlsen, Magnus"]
[Result "1/2-1/2"]
[WhiteElo "2773"]
[BlackElo "2835"]
[PlyCount "88"]
[EventDate "2012.01.14"]

1. Nf3 d5 2. g3 g6 3. Bg2 Bg7 4. d4 c6 5. O-O Nf6 6. Nbd2 O-O 7. c4 a5 8. b3 a4
9. Bb2 Bf5 ({RR} 9... Ne4 10. Nxe4 dxe4 11. Ne1 e5 12. Bxe4 exd4 13. Nd3 Bg4
14. Re1 Re8 15. Bf3 Bxf3 16. exf3 Rxe1+ 17. Qxe1 Nd7 18. Rb1 axb3 19. axb3 c5
20. Qe4 b6 21. Bc1 Nf6 22. Qc6 Qe8 23. Qxe8+ Nxe8 24. Bf4 {Nikolic,P (2657)
-Shirov,A (2739) Germany 2008 1/2-1/2 (48)}) ({RR} 9... Qa5 10. Rc1 Bf5 11. Ne5
Nbd7 12. Nxd7 Bxd7 13. e4 dxe4 14. Nxe4 Nxe4 15. Bxe4 Rfd8 16. Qc2 Bg4 17. Bc3
Qg5 18. d5 cxd5 19. Bxd5 axb3 20. axb3 Rd7 21. Bxg7 Kxg7 22. Bg2 f6 23. h3 Bf5
24. Qc3 {Afanasiev,D (2006)-Mikheev,S (2327) Tolyatti RUS 2011 1-0 (31)}) 10.
Ne5 Nbd7 11. Nxd7 Bxd7 $146 ({RR} 11... Qxd7 12. bxa4 Bh3 13. c5 Bh6 14. e3 Qf5
15. Rc1 Ra7 16. Rc3 g5 17. Ra3 Kh8 18. a5 Rg8 19. f3 Qd7 20. g4 Bxg2 21. Kxg2
Bf8 22. Bc3 Ne8 23. Rb3 e6 24. Qc2 f5 25. h3 h5 26. e4 {Lahti,J-Hartoch,R
Raach 1969 0-1 (41)}) 12. Bc3 axb3 13. axb3 Bg4 14. Rxa8 Qxa8 15. h3 Bf5 16.
Qa1 h5 17. Qxa8 Rxa8 18. Ra1 Rxa1+ 19. Bxa1 Bc2 20. e3 g5 21. Bf1 g4 22. hxg4
hxg4 23. Be2 Kh7 24. cxd5 cxd5 25. Bc3 Kg6 26. Kf1 Kf5 27. Ke1 Nd7 28. b4 e6
29. Nf1 Kg5 30. Nh2 Nf6 31. Bd2 Kf5 32. b5 Bf8 33. Ba5 Be7 34. Bc7 Kg5 35. b6
Bb3 36. f4+ Kf5 37. Kf2 Bc4 38. Bd1 Bb4 39. Bd8 Ba5 40. Kg2 Bd3 41. Kf2 Ne4+
42. Kg2 Nf6 43. Kf2 Ne4+ 44. Kg2 Nf6 1/2-1/2

[Event "74th Tata Steel GMA"]
[Site "Wijk aan Zee NED"]
[Date "2012.01.22"]
[Round "8"]
[White "Navara, David"]
[Black "Van Wely, Loek"]
[Result "1/2-1/2"]
[WhiteElo "2712"]
[BlackElo "2692"]
[PlyCount "124"]
[EventDate "2012.01.14"]

1. e4 {Ftacnik} c5 2. Nf3 d6 3. d4 cxd4 4. Nxd4 Nf6 5. Nc3 a6 6. Be2 e6 7. a4
Nc6 8. O-O Be7 9. f4 O-O 10. Be3 Qc7 11. Kh1 Re8 12. Bf3 Rb8 13. Qe1 e5 14.
Nde2 Nb4 $146 ({RR} 14... exf4 15. Nxf4 Be6 16. Be2 ({RR} 16. Be2 Ne5 17. a5
Qc6 18. Ra4 Bd8 19. Qa1 Bc4 20. Bg1 Rc8 21. Nd3 Be6 22. Nb4 Qd7 23. Rd1 Bg4 24.
Bxg4 Qxg4 25. Nbd5) 16... Bf8 17. Qg3 Kh8 18. Rad1 Qa5 19. Nfd5 Bxd5 20. exd5
Ne5 21. Rd4 Rbc8 22. Bg5 Ng8 23. Qh3 Qb6 24. Rh4 h6 25. Bc1 Ng6 26. Rc4 Rxc4
27. Bxc4 Ne5 28. Be2 Qc7 29. Be3 {Prathamesh,S (2405)-Negi,P (2618) Dubai UAE
2011 0-1 (65)}) ({RR} 14... exf4 15. Nxf4 Be6 16. Bh5 Nxh5 17. Nxh5 Qa5 18. Nf4
Bc4 19. Nd3 ({RR} 19. Nfd5 Bd8 20. Rf4 Nb4) 19... Qd8 ({RR} 19... Ne5 20. Qg3 (
{RR} 20. Rd1) 20... Qd8 21. Rad1 Bh4 22. Qf4 g5 23. Qf5 Be6 24. Qf6 Qxf6 25.
Rxf6 Ng4) 20. b3 ({RR} 20. Qf2 Bh4 21. Qf4 Ne5) 20... Bxd3 21. cxd3 Bf6 ({RR} 
21... Nb4 22. Qg3 Bf6 23. d4) 22. Rc1 Nb4 23. Qd2 d5 24. Bc5 Bg5 ({RR} 24...
Bxc3 25. Rxc3 Nc6 26. Qf4 f6 ({RR} 26... Qd7 27. Bd6 Rbd8 28. exd5 Qxd6 29.
Qxf7+ Kh8 30. dxc6 bxc6 ({RR} 30... Rf8 31. c7) 31. Qc4) 27. Bd6 Ra8 ({RR} 
27... d4 28. Rc5) 28. exd5 Ne5 29. Bxe5 Rxe5 30. Qg4) 25. Qf2 Nxd3 ({RR} 25...
Bxc1 26. Bxb4 Bg5 27. Qxf7+ Kh8 28. Nxd5) 26. Qxf7+ Kh8 27. Bd4 Bh6 28. Rcd1
dxe4 29. Ba7 {Adams,M (2720)-Kramnik,V (2777) Wijk aan Zee 2004 CBM 099 
[Ftacnik] 1-0 (43)} {RR} Ra8 ({RR} 29... Rf8 30. Qxf8+ Qxf8 31. Rxf8+ Rxf8 32.
Nxe4 Rd8 ({RR} 32... Ne5 33. g3 g6 34. Nd6) 33. g4 Bf4 34. Kg2 Rd7 35. Nf2 Ne5
36. Rxd7 Nxd7 37. Nd3) 30. Nxe4 b5 ({RR} 30... Rxe4 31. Rxd3 Qe7 32. Rd7 Qxf7
33. Rdxf7) ({RR} 30... Rxa7 31. Rxd3 Qb8 32. Nd6) 31. Bg1 Rxe4 32. Rxd3 Qe8) ({
RR} 14... exf4 15. Nxf4 Be6 16. Be2 Bf8 17. Qg3 Kh8 18. Rad1 Qa5 19. Nfd5 Bxd5
20. exd5 Ne5 21. Rd4 Rbc8 22. Bg5 Ng8 23. Qh3 Qb6 24. Rh4 h6 25. Bc1 Ng6 26.
Rc4 Rxc4 27. Bxc4 Ne5 28. Be2 Qc7 29. Be3 {Prathamesh,S (2405)-Negi,P (2618)
Dubai UAE 2011 0-1 (65)}) ({RR} 14... exf4 15. Nxf4 Be6 16. a5 Bd8 17. Qg3 Kh8
18. Bb6 Qe7 19. Ncd5 Bxd5 20. exd5 Ne5 21. Bd4 Nfd7 22. Bg4 Qg5 23. Bxd7 Qxg3
24. hxg3 Nxd7 25. Ra3 Bf6 26. Bxf6 Nxf6 27. Rb3 Ne4 28. Rd3 Rbc8 29. c3 {Jansa,
V (2480)-Dydyshko,V (2564) Czechia 2008 1/2-1/2 (32)}) 15. Qf2 b5 16. axb5 Nxc2
17. bxa6 Nxa1 18. a7 Nc2 19. fxe5 dxe5 20. axb8=R Qxb8 21. Bg5 Nb4 22. Ng3 Nd3
23. Qc2 Nb4 24. Qf2 Nd3 25. Qd2 Nf4 26. Nf5 Bxf5 27. exf5 Bb4 28. Bxf6 gxf6 29.
Qe3 Bxc3 30. bxc3 Rd8 31. c4 Qb4 32. c5 Rd3 33. Qf2 Rc3 34. c6 Qc4 35. h3 Nd3
36. Qd2 Kg7 37. Rb1 Qd4 38. Kh2 Rc5 39. Qe2 Qf4+ 40. g3 Qxf5 41. Be4 Qf2+ 42.
Qxf2 Nxf2 43. Bf5 e4 44. Kg2 e3 45. Bd7 Ne4 46. Re1 Rc3 47. Kf3 Ng5+ 48. Kf4
Ne6+ 49. Ke4 Kf8 50. Rxe3 Rc5 51. Ra3 Ke7 52. Ra8 Kd6 53. Rh8 Rc3 54. Kf5 Rxg3
55. Rxh7 Nd8 56. h4 Rf3+ 57. Kg4 Rf1 58. Rh5 Nxc6 59. Bxc6 Kxc6 60. Rf5 Rg1+
61. Kh5 Rg6 62. Rc5+ Kxc5 1/2-1/2

[Event "74th Tata Steel GMA"]
[Site "Wijk aan Zee NED"]
[Date "2012.01.22"]
[Round "8"]
[White "Topalov, Veselin"]
[Black "Aronian, Levon"]
[Result "1/2-1/2"]
[WhiteElo "2770"]
[BlackElo "2805"]
[PlyCount "55"]
[EventDate "2012.01.14"]

1. d4 d5 2. c4 e6 3. Nc3 Be7 4. Nf3 Nf6 5. Bf4 O-O 6. a3 b6 ({RR} 6... dxc4 7.
e4 b5 8. Nxb5 Nxe4 9. Bxc4 Nd6 10. Bd3 Nxb5 11. Bxb5 Bb7 12. O-O Nd7 13. Rc1
Bd6 14. Bg3 Rb8 15. Ne5 Nxe5 16. dxe5 Be7 17. Qxd8 Bxd8 18. Bc4 Be7 19. Rfd1
Rfd8 20. Bf4 Rxd1+ 21. Rxd1 {Gelfand,B (2744)-Anand,V (2811) Moscow RUS 2011 1/
2-1/2}) 7. Qc2 c5 $146 ({RR} 7... Bb7 8. Rd1 dxc4 9. e4 b5 10. h4 h6 11. Be2 b4
12. axb4 Bxb4 13. e5 Nd5 14. Bxh6 gxh6 15. Ng5 hxg5 16. hxg5 f5 17. gxf6 Rxf6
18. Qh7+ Kf8 19. Qh8+ {1-0 (19) Edouard,R (2608)-Van der Wiel,J (2459) Antwerp
BEL 2011}) 8. Rd1 Nc6 9. cxd5 Nxd5 10. dxc5 bxc5 11. e3 Qa5 12. Ne5 Nxe5 13.
Bxe5 Rd8 14. Bd3 Ba6 15. O-O Bxd3 16. Qxd3 Nxc3 17. Qxc3 Qxc3 18. Bxc3 Kf8 19.
Rxd8+ Rxd8 20. Rc1 g6 21. Kf1 Ke8 22. Ke2 a6 23. g4 Rd6 24. Be5 Rd5 25. f4 f6
26. Bc3 f5 27. h3 Kd7 28. a4 1/2-1/2

[Event "74th Tata Steel GMA"]
[Site "Wijk aan Zee NED"]
[Date "2012.01.22"]
[Round "8"]
[White "Giri, Anish"]
[Black "Gashimov, Vugar"]
[Result "0-1"]
[WhiteElo "2714"]
[BlackElo "2761"]
[PlyCount "76"]
[EventDate "2012.01.14"]

1. e4 c5 2. Nf3 d6 3. d4 cxd4 4. Nxd4 Nf6 5. Nc3 a6 6. Bg5 Nbd7 7. Bc4 Qa5 8.
Qd2 e6 9. O-O-O b5 10. Bd5 b4 11. Bxa8 bxc3 12. bxc3 Qxa2 13. Qe2 Be7 $146 ({RR
} 13... Nb6 14. Bc6+ Bd7 15. Bxd7+ Kxd7 16. Nb3 d5 17. Rd4 Na4 18. Kd2 Nc5 19.
Nxc5+ Bxc5 20. Bxf6 gxf6 21. Rd3 d4 22. cxd4 Qa5+ 23. Ke3 Bf8 24. f3 Qg5+ 25.
Kf2 Rg8 26. g3 Qh6 27. Rb3 f5 28. Rb7+ {Espig,L-Roberts,M Harrachov 1967 1-0 
(32)}) 14. Kd2 Nxe4+ 15. Qxe4 Bxg5+ 16. f4 d5 17. Ra1 Qxa1 18. Rxa1 dxe4 19.
fxg5 h6 20. g6 f5 21. Nxe6 Ke7 22. Nf4 Rd8 23. Bd5 Nb6 24. c4 Nxc4+ 25. Kc3 Ne3
26. Bf7 Rd6 27. Ra5 Bd7 28. Re5+ Kf6 29. Rc5 Kg5 30. g3 Nf1 31. h4+ Kg4 32. Rd5
Rxd5 33. Nxd5 Kxg3 34. Nf6 e3 35. Bc4 Bb5 36. Nh5+ Kf2 37. Nxg7 Bxc4 38. Kxc4
e2 0-1

[Event "74th Tata Steel GMA"]
[Site "Wijk aan Zee NED"]
[Date "2012.01.22"]
[Round "8"]
[White "Gelfand, Boris"]
[Black "Kamsky, Gata"]
[Result "1/2-1/2"]
[WhiteElo "2739"]
[BlackElo "2732"]
[PlyCount "88"]
[EventDate "2012.01.14"]

1. Nf3 Nf6 2. c4 c6 3. d4 d5 4. Nc3 a6 5. e3 g6 6. Be2 Bg7 7. O-O O-O 8. Qb3 e6
9. Rd1 ({RR} 9. a4 a5 10. Bd2 b6 11. Rfd1 Nbd7 12. Rac1 Re8 13. Ne5 Nxe5 14.
dxe5 Nd7 15. cxd5 exd5 16. e4 Nc5 17. Qc2 d4 18. Be3 Bxe5 19. f4 Qc7 20. Rxd4
Bxf4 21. Bxf4 Qxf4 22. Kh1 Nb3 23. Qxb3 Qxc1+ {Mamedyarov,S (2742)-Kamsky,G 
(2723) Moscow 2008 0-1 (41)}) ({RR} 9. Bd2 Nbd7 10. a4 a5 11. Rfd1 Ne4 12. Be1
f5 13. Qc2 Qf6 14. Rab1 Kh8 15. b4 axb4 16. Rxb4 Nd6 17. Bd2 Ne4 18. Be1 Nd6
19. Bd2 Ne4 20. Be1 {1/2-1/2 (20) Yakovich,Y (2537)-Yilmaz,M (2489) Izmir TUR
2011}) 9... Nbd7 10. Qc2 Qc7 $146 ({RR} 10... b5 11. b3 Bb7 12. Ba3 Re8 13. Bd6
Rc8 14. c5 b4 15. Na4 Ne4 16. Bg3 h5 17. Bd3 Nxg3 18. hxg3 g5 19. Rac1 a5 20.
Nh2 g4 21. f4 gxf3 22. gxf3 e5 23. dxe5 Nxe5 24. Bf5 Rc7 25. f4 {Varga,P (2465)
-Seres,L (2444) Hungary 2001 1/2-1/2}) 11. b3 b6 12. e4 dxe4 13. Nxe4 c5 14.
Nxf6+ Bxf6 15. Bg5 cxd4 16. Bxf6 Nxf6 17. Rxd4 e5 18. Rd2 Re8 19. Qb2 Bb7 20.
Rad1 Re7 21. b4 Ne4 22. Rc2 a5 23. a3 axb4 24. axb4 Nxf2 25. Kxf2 e4 26. h3
exf3 27. Bxf3 Bxf3 28. Kxf3 Rae8 29. Qd4 Re6 30. c5 h5 31. Rcd2 bxc5 32. bxc5
h4 33. Qxh4 Qxc5 34. Kg3 Re4 35. Qf6 R4e6 36. Qd4 Qc7+ 37. Kf3 g5 38. g4 Re5
39. Kg2 Qc6+ 40. Kf2 R8e6 41. Qb2 Rf6+ 42. Kg1 Rb5 43. Qd4 Rf4 44. Qd6 Qxd6
1/2-1/2

[Event "74th Tata Steel GMA"]
[Site "Wijk aan Zee NED"]
[Date "2012.01.22"]
[Round "8"]
[White "Karjakin, Sergey"]
[Black "Nakamura, Hikaru"]
[Result "1/2-1/2"]
[WhiteElo "2769"]
[BlackElo "2759"]
[PlyCount "62"]
[EventDate "2012.01.14"]

1. c4 f5 2. d4 Nf6 3. Nf3 e6 4. g3 Be7 5. Bg2 O-O 6. O-O d6 7. Nc3 Qe8 8. b4
Bd8 9. c5 e5 10. dxe5 dxe5 11. e4 c6 $146 ({RR} 11... Kh8 12. exf5 Bxf5 13. Re1
e4 14. Ng5 Nc6 15. Ngxe4 Nxe4 16. Nxe4 Qg6 17. b5 Ne5 18. Qd4 Nf7 19. Bb2 c6
20. a4 Ba5 21. Bc3 Rad8 22. Qe3 Bc7 23. b6 Bb8 24. f4 axb6 25. cxb6 Rfe8 26.
Qf3 {Pezerovic,E (2447)-Rasidovic,S (2340) Bihac 1999 1-0 (44)}) 12. exf5 Bxf5
13. Ng5 Nbd7 14. Bb2 Bc7 15. Qb3+ Kh8 16. Rad1 a5 17. a3 axb4 18. axb4 Qg6 19.
Nge4 Rab8 20. Qc4 Nxe4 21. Nxe4 b6 22. Nd6 Be6 23. Qc1 bxc5 24. bxc5 Bg4 25.
Rd2 Bf3 26. Bxf3 Rxf3 27. Qd1 Rff8 28. Nc4 Nxc5 29. Nxe5 Bxe5 30. Bxe5 Rbe8 31.
Bd6 Rf5 1/2-1/2

[Event "74th Tata Steel GMA"]
[Site "Wijk aan Zee NED"]
[Date "2012.01.24"]
[Round "9"]
[White "Van Wely, L."]
[Black "Gelfand, B."]
[Result "1/2-1/2"]
[WhiteElo "2692"]
[BlackElo "2739"]
[PlyCount "38"]
[EventDate "2012.01.14"]

1. d4 {Hecht} Nf6 2. c4 e6 3. Nc3 Bb4 4. Nf3 b6 5. Qb3 c5 6. Bg5 Bb7 7. a3
Bxc3+ 8. Qxc3 h6 9. Bh4 g5 10. Bg3 Ne4 11. Qd3 Nxg3 12. hxg3 Qf6 13. O-O-O Bxf3
14. gxf3 Qxd4 15. Qxd4 cxd4 16. Rxd4 Nc6 17. Rd3 Ne5 18. Rc3 Rc8 19. e4 Ke7
$146 ({RR} 19... h5 20. Kd2 Ke7 21. f4 gxf4 22. gxf4 Ng4 23. Ke2 d6 24. Rh4 Nf6
25. Bg2 e5 26. fxe5 dxe5 27. Bh3 Rc7 28. f4 Nxe4 29. Re3 Rxc4 30. Bf5 Nc5 31.
Rxe5+ Kf6 32. Kf3 Nb3 33. Bd3 Rc5 34. Rxc5 {Milov,V (2626)-Onischuk,A (2657)
Polanica Zdroj 1999 CBM 073 [Hecht] 0-1 (67)}) 1/2-1/2